[Event "7th ch-Euro w"]
[Site "Kusadasi TUR"]
[Date "2006.04.04"]
[Round "1"]
[White "Shukurova,M"]
[Black "Zawadzka,J"]
[Result "0-1"]
[WhiteElo "2207"]
[BlackElo "2378"]

1.d4 Nf6 2.Bg5 Ne4 3.Bf4 d5 4.f3 Nf6 5.c4 e6 6.Nc3 c5 7.e3 Nh5 8.Bxb8 Rxb8
9.Nh3 dxc4 10.Bxc4 cxd4 11.exd4 Bd6 12.Bb5+ Bd7 13.O-O O-O 14.Bxd7 Qxd7 15.Qe2 Rbc8
16.Rad1 Bc7 17.Ne4 Nf4 18.Nxf4 Bxf4 19.g3 Bc7 20.Nc5 Qe7 21.a3 h5 22.f4 h4
23.Qh5 Rfd8 24.Ne4 f6 25.Nc5 Rd5 26.Qxh4 Rxd4 27.b4 Rxd1 28.Rxd1 Bb6 29.Qg4 Bxc5+
30.bxc5 Qxc5+ 31.Kh1 Qe3 32.Kg2 Qe4+ 33.Kh3 Qh7+ 34.Qh4 Qxh4+ 35.Kxh4 Rc7
36.Kg4 Kf7 37.Rd8 Kg6 38.Kh4 Rc3 39.a4 Rc4 40.a5 e5 41.Kg4 Rb4 42.Rd6 exf4
43.gxf4 Rb2 44.h3 a6 45.Rd7 Rb4 46.Rd5 Rb5 47.Rd7 Kh6 48.Rf7 Kg6 49.Rd7 f5+
50.Kh4 Kh6 51.Rd6+ g6 52.Rd8 Rxa5 53.Rh8+ Kg7 54.Rd8 b5 55.Kg5 b4 56.Rd7+ Kf8
57.Kxg6 b3 58.Kf6 Ke8 59.Rd2 Rb5 60.Rb2 a5 61.h4 a4 62.h5 a3  0-1

[Event "Liguilla Absoluta"]
[Site "Lima PER"]
[Date "2006.04.05"]
[Round "9"]
[White "Cordova,Em"]
[Black "Retamozo,H"]
[Result "1-0"]
[WhiteElo "2429"]
[BlackElo "2235"]

1.d4 Nf6 2.Bg5 Ne4 3.Bf4 c5 4.f3 Nf6 5.dxc5 Nc6 6.e4 Qa5+ 7.Qd2 Qxc5 8.Be3 Qa5
9.Qxa5 Nxa5 10.Nc3 Nc6 11.Nb5 Kd8 12.O-O-O d6 13.g4 h6 14.h4 Be6 15.Nh3 Nd7
16.Nf4 a6 17.Nc3 Nce5 18.Nxe6+ fxe6 19.Ne2 Nxf3 20.Nf4 Nf6 21.Ng6 Rg8 22.Bg2 Nxg4
23.Bb6+ Ke8 24.Bxf3 Nf6 25.e5 Nd7 26.Bd4 Rb8 27.Bg4  1-0

[Event "FSGM April"]
[Site "Budapest HUN"]
[Date "2006.04.07"]
[Round "7"]
[White "Sendur,A"]
[Black "Morrison,G SCO"]
[Result "1-0"]
[WhiteElo "2411"]
[BlackElo "2326"]

1.d4 Nf6 2.Bg5 Ne4 3.Bf4 c5 4.f3 Qa5+ 5.c3 Nf6 6.Nd2 cxd4 7.Nb3 Qd8 8.cxd4 d5
9.e3 e6 10.g4 Nc6 11.Rc1 Bb4+ 12.Kf2 g5 13.Be5 Nxe5 14.dxe5 Nd7 15.h4 gxh4
16.f4 f6 17.g5 fxe5 18.Qh5+ Ke7 19.Qxh4 exf4 20.exf4 Kd6 21.f5 Bc5+ 22.Kg2 b6
23.Qg3+ e5 24.Rh6+ Ke7 25.Nf3 Kf8 26.Nxc5 bxc5 27.Bb5 e4 28.Nh4 Rg8 29.Qd6+ Qe7
30.Qxe7+ Kxe7 31.Rxh7+ Kd6 32.Rh6+ Ke7 33.Ng6+ Kd8 34.Bc6 Rb8 35.Bxd5 Rxb2+
36.Kg3 Re8 37.f6 Rd2 38.Bf7 Rd3+ 39.Kg2 Rd2+ 40.Kg3 Rd3+ 41.Kg2 Rd2+ 42.Kg1 Re5
43.Rh8+ Kc7 44.Nxe5 Nxe5 45.Rxc8+ Kd7 46.Bh5  1-0

[Event "FSGM April"]
[Site "Budapest HUN"]
[Date "2006.04.08"]
[Round "8"]
[White "Hoang Thanh Trang"]
[Black "Ilincic,Z"]
[Result "0-1"]
[WhiteElo "2487"]
[BlackElo "2536"]

1.d4 Nf6 2.Bg5 Ne4 3.Bf4 c5 4.f3 Nf6 5.dxc5 Qa5+ 6.Qd2 Qxc5 7.Nc3 a6 8.e4 d6
9.O-O-O e5 10.Be3 Qc7 11.g4 h6 12.h4 b5 13.Bh3 b4 14.Na4 Nfd7 15.g5 a5 16.g6 fxg6
17.Be6 Nc6 18.Ne2 Rb8 19.Rhg1 Nd8 20.Bb3 Nf6 21.Rxg6 Be6 22.Qd3 Bf7 23.Rg2 Nh5
24.Ng3 Nxg3 25.Rxg3 Ne6 26.Qa6 Be7 27.Nb6 Bxh4 28.Ba4+ Kf8 29.Rg4 Bg5 30.Nd7+ Ke7
31.Bxg5+ Nxg5 32.Nxb8 Rxb8 33.Bb3 Bh5 34.Rg3 Bxf3 35.Rf1 Rf8 36.Bd5 Rf4 37.Qd3 Qc5
38.b3 Bh5 39.Rfg1 Kf6 40.Kb1 Nf3 41.Rh1 Qf2 42.Bg8 Qxg3 43.Qxd6+ Kg5 44.Qe7+ Rf6
45.Qxg7+ Rg6 46.Qe7+ Kf4 47.Bh7 Qg2 48.Qf8+ Ke3 49.Rxh5 Rc6 50.c4 bxc3  0-1

[Event "XXXVII Open"]
[Site "Mar del Plata ARG"]
[Date "2006.04.09"]
[Round "3"]
[White "Rodi,L"]
[Black "Flores,Di"]
[Result "1/2-1/2"]
[WhiteElo "2236"]
[BlackElo "2494"]

1.d4 Nf6 2.Bg5 Ne4 3.Bf4 c5 4.f3 Qa5+ 5.c3 Nf6 6.d5 e6 7.e4 d6 8.dxe6 Bxe6
9.Na3 Nc6 10.Bc4 d5 11.exd5 O-O-O 12.dxe6 Rxd1+ 13.Rxd1 Nh5 14.Bc1 fxe6 15.g4 Nf6
16.Bxe6+ Kb8 17.Bf4+ Ka8 18.Kf2 Be7 19.Ne2 Rf8 20.Kg2 g5 21.Bg3 h5 22.h3 b5
23.Nc2 a6 24.Rd2 Qb6 25.Bf5 c4 26.Ned4 Nxd4 27.Nxd4 Bd6 28.Ne6 Bxg3 29.Nxf8 Qe3
30.Rhd1 Be1 31.Rc2 Ka7 32.Ne6 Bh4 33.Nd4 Nd5 34.Nc6+ Kb6 35.Rxd5 Qf4 36.Ne5 Qg3+
37.Kf1 Qe1+ 38.Kg2 Qg3+  1/2-1/2

[Event "FSGM April"]
[Site "Budapest HUN"]
[Date "2006.04.10"]
[Round "10"]
[White "Hoang Thanh Trang"]
[Black "Morrison,G SCO"]
[Result "1/2-1/2"]
[WhiteElo "2487"]
[BlackElo "2326"]

1.d4 Nf6 2.Bg5 Ne4 3.Bf4 c5 4.f3 Qa5+ 5.c3 Nf6 6.Nd2 cxd4 7.Nb3 Qd8 8.cxd4 d5
9.e3 e6 10.Rc1 Nc6 11.Bb5 Bd7 12.Ne2 Bb4+ 13.Kf2 Nh5 14.Nc5 Nxf4 15.Nxf4 Bxc5
16.Rxc5 O-O 17.Qd2 Rc8 18.Rhc1 Qe7 19.Nd3 Qd6 20.Kg1 Ne7 21.Bxd7 Qxd7 22.Ne5 Qd6
23.Qc3 Rxc5 24.dxc5 Qc7 25.b4 Nc6 26.Nd3 d4 27.exd4 Rd8 28.Re1 Nxd4 29.Nf2 Rd5
30.Ne4 Qc6 31.Qb2 h6 32.Qf2 f5 33.Nc3 Rd7 34.Qg3 b6 35.Qe5 bxc5 36.bxc5 Qc7
37.Qxc7 Rxc7 38.Na4 Kf7 39.Rb1 e5 40.Kf2 Ke6 41.Rb8 Kd5 42.Rd8+ Kc4 43.Nb2+ Kc3
44.Nd1+ Kb4 45.Nb2 Kc3 46.Nd1+ Kb4 47.Nb2  1/2-1/2

[Event "LII Nacional Abierto"]
[Site "Mexico City MEX"]
[Date "2006.04.12"]
[Round "2"]
[White "Alonso Arteaga, L"]
[Black "Dominguez Aguilar,G"]
[Result "0-1"]
[WhiteElo "2114"]
[BlackElo "2347"]

1.d4 Nf6 2.Bg5 Ne4 3.h4 c5 4.dxc5 Na6 5.Nd2 Naxc5 6.Nxe4 Nxe4 7.Qd5 Nxg5
8.hxg5 e6 9.Qd2 Qb6 10.O-O-O Qxf2 11.g6 fxg6 12.Nf3 Be7 13.g4 d6 14.g5 Bd7
15.Bh3 Qc5 16.Rdg1 O-O-O 17.Rg3 Kb8 18.Nd4 e5 19.Nb3 Qf2 20.Rf3 Bxh3 21.Rfxh3 Qg2
22.Kb1 Rdf8 23.Rh6  0-1

[Event "17th Pobeskydi Arcimpex Cup"]
[Site "Frydek Mistek CZE"]
[Date "2006.04.13"]
[Round "1"]
[White "Jakubek,P"]
[Black "Rojicek,V"]
[Result "1/2-1/2"]
[WhiteElo "2244"]
[BlackElo "2237"]

1.d4 Nf6 2.Bg5 Ne4 3.Bf4 c5 4.f3 Qa5+ 5.c3 Nf6 6.Nd2 cxd4 7.Nb3 Qb6 8.Qxd4 Nc6
9.Qxb6 axb6 10.e4 d5 11.Nd2 e5 12.Bg3 Be6 13.Bb5 Nd7 14.Ne2 Bc5 15.exd5 Bxd5
16.b4 Be7 17.Nc4 O-O 18.O-O Na7 19.Rfd1 Be6 20.Bxd7 Bxc4 21.Kf1 Bf6 22.Bf2 Nb5
23.Bxb5 Bxb5 24.Bxb6 Ra6 25.Bc5 Rfa8 26.Rd2 Bg5 27.Rb2 Bc4 28.Kf2 f5 29.g3 Bf6
30.Rd2 Rxa2 31.Raxa2 Rxa2 32.Rxa2 Bxa2 33.Ke3 Kf7 34.f4 Bc4 35.fxe5 Bxe5
36.Bd4 Kf6 37.Nf4 g5 38.Nh5+ Ke6 39.Ng7+ Kf6 40.Nh5+ Kg6 41.Bxe5 Kxh5 42.Kf3 Bd5+
43.Ke3 Kg4 44.Bf6 b5 45.Kf2 h6 46.Be7 Kh3 47.Bf8 h5 48.Be7 Kg4 49.h3+ Kxh3
50.Bxg5 h4 51.gxh4 Kg4  1/2-1/2

[Event "LII Nacional Abierto"]
[Site "Mexico City MEX"]
[Date "2006.04.15"]
[Round "8"]
[White "Floresvillar,L"]
[Black "Gutierrez Yanez,C"]
[Result "1-0"]
[WhiteElo "2191"]
[BlackElo "2119"]

1.d4 Nf6 2.Bg5 Ne4 3.Bh4 g5 4.f3 d5 5.fxe4 gxh4 6.e5 Bf5 7.Qd2 e6 8.e3 Be7
9.Bd3 Bg6 10.Nh3 Nd7 11.Nf4 Nf8 12.c4 c6 13.Nc3 Bg5 14.cxd5 exd5 15.O-O Ne6
16.Rae1 Qd7 17.Be2 Bf5 18.Nfxd5 Bf6 19.Nxf6+  1-0

[Event "17th Pobeskydi Hamont Cup"]
[Site "Frydek Mistek CZE"]
[Date "2006.04.16"]
[Round "7"]
[White "Bombek,P"]
[Black "Gajsin,E"]
[Result "0-1"]
[WhiteElo "2225"]
[BlackElo "2451"]

1.d4 Nf6 2.Bg5 Ne4 3.Bf4 c5 4.f3 Nf6 5.dxc5 Qa5+ 6.Qd2 Qxc5 7.e4 d6 8.Nc3 Nc6
9.Be3 Qa5 10.Bc4 a6 11.Nge2 e6 12.Bb3 Be7 13.Na4 Nd7 14.Qxa5 Nxa5 15.Nb6 Nxb6
16.Bxb6 Nxb3 17.cxb3 Bd8 18.Bxd8 Kxd8 19.Rc1 Bd7 20.Kf2 Ke7 21.Rc7 Rab8 22.Rhc1 Rhc8
23.Rxc8 Bxc8 24.Ke3 Bd7 25.b4 g6 26.f4 f5 27.g3 fxe4 28.Kxe4 Bc6+ 29.Ke3 e5
30.fxe5 dxe5 31.Nc3 Rd8 32.Rd1 Rf8 33.Nd5+ Bxd5 34.Rxd5 Ke6 35.Rd2 Rc8 36.a3 Rc1
37.Rf2 h5 38.Kd2 Rg1 39.Ke3 g5 40.Rc2 Kf5 41.Kf2 Rh1 42.Kg2 Rb1 43.h3 Ke4
44.Re2+ Kd4 45.Kf3 Rf1+ 46.Kg2 Rf7 47.Rd2+ Ke3 48.Rd5 Ke4 49.Rd1 Rc7 50.Re1+ Kf5
51.Rf1+ Ke6 52.Rf8 Rc2+ 53.Kg1 g4 54.Rh8 gxh3 55.Rxh5 Rg2+ 56.Kh1 Rxg3 57.Rh7 e4
58.Kh2 Rg5 59.Rxb7 e3 60.Rc7 e2 61.Rc1 Re5 62.Re1 Kd5 63.a4 Kd4 64.Kxh3 Kd3
65.Kg3 Kd2  0-1

[Event "Jack Speigel Mem"]
[Site "Southend ENG"]
[Date "2006.04.16"]
[Round "5"]
[White "Ward,C"]
[Black "Gormally,D"]
[Result "1/2-1/2"]
[WhiteElo "2467"]
[BlackElo "2554"]

1.d4 Nf6 2.Bg5 Ne4 3.Bf4 c5 4.f3 Qa5+ 5.c3 Nf6 6.d5 Qb6 7.b3 e6 8.e4 exd5
9.exd5 Bd6 10.Bg5 Be7 11.d6 Qxd6 12.Qxd6 Bxd6 13.Bxf6 gxf6 14.Bc4 Nc6 15.Na3 a6
16.Bd5 Be5 17.Ne2 Nb4 18.O-O-O Nxd5 19.Rxd5 b5 20.Rhd1 Bb7 21.Rxd7 Bc6 22.R7d3 O-O
23.Ng3 a5 24.Nh5 b4 25.Nc4 Bxc3 26.Rd6 Bb5 27.Nxf6+ Bxf6 28.Rxf6 a4 29.Nb6 Ra6
30.bxa4 Bxa4 31.Nd7 Rxf6 32.Nxf6+ Kg7 33.Nh5+ Kh6 34.Rd5 Re8 35.Rxc5 Re2
36.g4 Rxh2 37.Rc4 f5 38.Rxb4 Rxa2 39.Kb1 Ra3 40.Kb2 Rxf3 41.Rxa4 fxg4 42.Rxg4 Kxh5
43.Rg7 h6 44.Kc2 Re3 45.Kd2 Re5 46.Rg1 Re6  1/2-1/2

[Event "17th Pobeskydi Arcimpex Cup"]
[Site "Frydek Mistek CZE"]
[Date "2006.04.17"]
[Round "9"]
[White "Wiley,To"]
[Black "Meszaros,Mi"]
[Result "1/2-1/2"]
[WhiteElo "2317"]
[BlackElo "2362"]

1.d4 Nf6 2.Bg5 Ne4 3.Bf4 c5 4.f3 Qa5+ 5.c3 Nf6 6.Nd2 cxd4 7.Nb3 Qb6 8.Qxd4 Nc6
9.Qxb6 axb6 10.Nd4 e5 11.Nxc6 exf4 12.Nd4 d5 13.e3 fxe3 14.Bb5+ Bd7 15.Ke2 Bc5
16.Bxd7+ Nxd7 17.Kxe3 Ne5 18.b3 Kd7 19.Ne2 Rhe8 20.Kd2 Nc6 21.a4 Nxd4 22.Nxd4 Bxd4
23.cxd4 Re6  1/2-1/2

[Event "Jack Speigel Mem"]
[Site "Southend ENG"]
[Date "2006.04.17"]
[Round "7"]
[White "Trent,L"]
[Black "Hebden,M"]
[Result "1-0"]
[WhiteElo "2423"]
[BlackElo "2523"]

1.d4 Nf6 2.Bg5 Ne4 3.Bf4 c5 4.f3 Qa5+ 5.c3 Nf6 6.d5 Qb6 7.e4 Qxb2 8.Nd2 Qxc3
9.Bc7 b6 10.Rc1 Qa5 11.Be5 Ba6 12.Bc3 Qa3 13.Nc4 Bxc4 14.Bxc4 d6 15.Bd2 a6
16.Rc3 Qb2 17.Ne2 b5 18.Bb3 Qa3 19.Nd4 g6 20.e5 dxe5 21.d6 Qb4 22.Rc4 Qxc4
23.Bxc4 exd4 24.Qb3 e6 25.Bxe6 Ra7 26.Bxf7+ Rxf7 27.Qe6+ Be7 28.O-O O-O 29.dxe7 Re8
30.Qd6 Nbd7 31.Re1 c4 32.Bb4 d3 33.Qxa6 Rb8 34.Qd6 Rc8 35.Bc3  1-0

[Event "VII TCh-RUS w"]
[Site "Sochi RUS"]
[Date "2006.04.21"]
[Round "2"]
[White "Movsisian,N"]
[Black "Kosintseva,N"]
[Result "0-1"]
[WhiteElo "2291"]
[BlackElo "2469"]

1.d4 Nf6 2.Bg5 Ne4 3.Bf4 c5 4.f3 Qa5+ 5.c3 Nf6 6.d5 Qb6 7.Bc1 e6 8.e4 exd5
9.exd5 Be7 10.Na3 d6 11.Nc4 Qd8 12.Ne3 O-O 13.Bd3 Nbd7 14.Ne2 Ne5 15.O-O Re8
16.Ng3 Bf8 17.Be2 Bd7 18.a4 b6 19.Qc2 a6 20.Bd2 b5 21.f4 Ng6 22.axb5 axb5
23.Rae1 c4 24.Kh1 Qb6 25.Bh5 Qc5 26.Bxg6 fxg6 27.f5 g5 28.h3 h6 29.Kh2 Re5
30.Ng4 Nxg4+ 31.hxg4 Qxd5 32.Be3 Qf7 33.Bd4 Rxe1 34.Rxe1 Re8 35.Ra1 d5 36.Ra6 Rc8
37.Nh5 Rc6 38.Ra7 Rc7 39.Rxc7 Bd6+ 40.Kh1 Bxc7 41.Bxg7 Qe7 42.Qf2 Be8 43.Bd4 Bxh5
44.gxh5 Qe8 45.g3 Qxh5+ 46.Kg2 g4 47.Qe3 Qh3+ 48.Kf2 Qh2+ 49.Kf1 Qh1+ 50.Kf2 Qe4
51.Qxh6 Qf3+ 52.Kg1 Qxg3+ 53.Kh1 Qh3+ 54.Qxh3 gxh3 55.Be3 Kf7 56.Bg5 Be5
57.Kg1 d4 58.Bd2 dxc3 59.bxc3 Kf6 60.Kf2 Kxf5 61.Kf3 h2 62.Kg2 Ke4  0-1

[Event "Spring NAm GMB"]
[Site "Schaumburg USA"]
[Date "2006.04.22"]
[Round "9"]
[White "Georgiev,Vl"]
[Black "Lawson,E"]
[Result "1/2-1/2"]
[WhiteElo "2535"]
[BlackElo "2369"]

1.d4 Nf6 2.Bg5 Ne4 3.Bf4 c5 4.f3 Qa5+ 5.c3 Nf6 6.d5 Qb6 7.b3 e6 8.e4 exd5
9.exd5 Bd6 10.Bg5 Be7 11.Bc4 O-O 12.Ne2 d6 13.Qd2 Qd8 14.Be3 Nbd7 15.a4 Nb6
16.Na3 Nxc4 17.Nxc4 b6 18.Na3 Re8 19.O-O Bf5 20.Rae1 a6 21.c4 h6 22.Ng3 Bh7
23.Re2 Bf8 24.Rfe1 Ra7 25.Nb1 Rae7 26.Nc3 Qc7 27.Nh1 Re5 28.Nf2 Qc8 29.Kf1 Qf5
30.Kg1 Qc8 31.Ra1 Qb7 32.Rae1  1/2-1/2

[Event "XXIV Open"]
[Site "Metz FRA"]
[Date "2006.04.24"]
[Round "3"]
[White "Poussier,T"]
[Black "Duda,R"]
[Result "1-0"]
[WhiteElo "2011"]
[BlackElo "1881"]

1.d4 Nf6 2.Bg5 Ne4 3.h4 c5 4.dxc5 Qa5+ 5.Nd2 e6 6.c3 Nxg5 7.hxg5 Qxc5 8.Ngf3 d5
9.g6 h6 10.gxf7+ Kxf7 11.Qc2 Nd7 12.Nb3 Qe7 13.Nh4 Qf6 14.Rh3 Ne5 15.Nd4 Bc5
16.e3 Rd8 17.O-O-O Kg8 18.Be2 Bd7 19.f4 Bxd4 20.Rxd4 Nc6 21.Rd1 Rac8 22.Qg6 Qxg6
23.Nxg6 Be8 24.Bd3 Bxg6 25.Bxg6 d4 26.exd4 Nxd4 27.Re3 Kf8 28.Re4 Nf5 29.Rxe6 Rxd1+
30.Kxd1 Ne7 31.Bc2 Rc6 32.Rxc6 Nxc6 33.Be4 Nd8 34.Ke2 b6 35.Bd5 Ke7 36.Ke3 Kf6
37.Ke4 g6 38.c4 Ne6 39.Bxe6 Kxe6 40.b4 Kd6 41.g4 h5 42.g5 h4 43.Kf3 h3 44.Kg3 Ke6
45.Kxh3 Kf5 46.Kg3 Ke4 47.c5  1-0

[Event "XXIV Open"]
[Site "Metz FRA"]
[Date "2006.04.25"]
[Round "4"]
[White "Heyman,J"]
[Black "Hautcoeur,D"]
[Result "1/2-1/2"]
[WhiteElo "1948"]
[BlackElo "1701"]

1.d4 Nf6 2.Bg5 Ne4 3.Bf4 c5 4.f3 Qa5+ 5.c3 Nf6 6.Nd2 cxd4 7.Nb3 Qb6 8.Qxd4 Nc6
9.Qxb6 axb6 10.Nd4 Nxd4 11.cxd4 e6 12.e4 Bb4+ 13.Kf2 d5 14.e5 Nd7 15.a3 O-O
16.Rc1 Be7 17.Bb5 Nb8 18.Ne2 Ra5 19.Bd3 Nc6 20.Rc2 Bd7 21.Rhc1 Raa8 22.Ke3 Rfc8
23.Bg3 Na5 24.Nc3 Nc4+ 25.Bxc4 Rxc4 26.b3 Rcc8 27.a4 Ba3 28.Ra1 Bb4 29.Rac1 Ba3
30.Ra1 Bb4 31.Rac1  1/2-1/2

[Event "XXIV Open"]
[Site "Metz FRA"]
[Date "2006.04.27"]
[Round "6"]
[White "Heyman,J"]
[Black "Harovelo,I"]
[Result "0-1"]
[WhiteElo "1948"]
[BlackElo "2223"]

1.d4 Nf6 2.Bg5 Ne4 3.Bf4 c5 4.f3 Qa5+ 5.c3 Nf6 6.Nd2 cxd4 7.Nb3 Qd8 8.cxd4 d5
9.e3 e6 10.g4 Bb4+ 11.Kf2 O-O 12.Bd3 Bd6 13.Bxd6 Qxd6 14.Qc2 g6 15.Qc5 Qd8
16.h4 a5 17.Rc1 a4 18.Nd2 Nc6 19.a3 e5 20.g5 Ra5 21.Qc3 exd4 22.exd4 Nh5
23.Ne2 Qd6 24.Rce1 Bd7 25.Nf1 f6 26.Nfg3 Nxg3 27.Nxg3 fxg5 28.hxg5 Qf4 29.Re3 b6
30.Ne2 Qxg5 31.f4 Raa8 32.Ke1 Qf6 33.Rg3 Rae8 34.Kd1 Rc8 35.Qd2 Na5 36.Rhg1 Nb3
37.Qb4 Kh8 38.Bxg6 Rc4 39.Qe1 Rxd4+ 40.Nxd4 Qxd4+ 41.Bd3 Qxf4 42.Rg7 Qc1+
43.Ke2 Nd4+  0-1

[Event "Classics GMB"]
[Site "Gausdal NOR"]
[Date "2006.04.29"]
[Round "7"]
[White "Fries Nielsen,JO"]
[Black "Levin,F"]
[Result "0-1"]
[WhiteElo "2356"]
[BlackElo "2487"]

1.d4 Nf6 2.Bg5 Ne4 3.Bh4 g5 4.f3 gxh4 5.fxe4 c5 6.e3 Bh6 7.Nd2 Bxe3 8.d5 Qb6
9.Nc4 Qh6 10.Qf3 Bxg1 11.Rxg1 d6 12.Ne3 Kd8 13.Bb5 a6 14.Be2 Nd7 15.O-O-O Ne5
16.Qf2 Kc7 17.Kb1 Bd7 18.Nc4 Nxc4 19.Bxc4 f6 20.Be2 b5 21.g3 hxg3 22.hxg3 Qg5
23.Rh1 h5 24.Rh4 Qe5 25.a3 Rag8 26.Rf4 Kb7 27.c4 bxc4 28.Bxc4 Rb8 29.Ka2 Ka7
30.b3 Rb6 31.Qc2 Rg8 32.Qd3 h4 33.Rxh4 Rxg3 34.Qc2 a5 35.Qb2 Qg5 36.Rh2 Ba4
37.Rb1 Bb5 38.Bxb5 Rxb5 39.Re2 Qh5 40.Qc2 Qf3 41.Qc4 Qd3 42.Qxd3 Rxd3 43.Rbb2 Rb8
44.Re1 Rb7 45.Ree2 Kb8 46.Re1 Kc7 47.Ree2 Kd7 48.Re1 Rb8 49.Ree2 f5 50.exf5 Rxd5
51.Rf2 Rf8 52.Rf4 Rdxf5 53.Ra4 Ra8  0-1

[Event "Open A"]
[Site "Djakovo CRO"]
[Date "2006.04.30"]
[Round "1"]
[White "Drazic,S"]
[Black "Goric,E"]
[Result "1-0"]
[WhiteElo "2497"]
[BlackElo "2346"]

1.d4 Nf6 2.Bg5 Ne4 3.Bf4 d6 4.f3 Nf6 5.Nc3 Nbd7 6.e4 e5 7.Be3 Be7 8.Nge2 c6
9.Qd2 O-O 10.a4 Re8 11.Ng3 Nf8 12.d5 cxd5 13.exd5 Ng6 14.Bb5 Rf8 15.a5 Ne8
16.a6 bxa6 17.Bc6 Rb8 18.Ra2 f5 19.Bxa7 Bg5 20.Qf2 Rb4 21.O-O Qc7 22.Na4 Bh4
23.Bb6 Qb8 24.Ba7 Qc7 25.Bb6 Qb8 26.Ba5 Rd4 27.c3 Rd3 28.Qb6 Qxb6+ 29.Nxb6 f4
30.Nxc8 fxg3 31.hxg3 Bxg3 32.Bxe8 Rxe8 33.Nxd6 Nf4 34.b4 Rf8 35.Ne4 Nh5 36.d6 Bf4
37.c4 Be3+ 38.Kh2 Nf6 39.Re1 Nxe4 40.Rxe3 Rxe3 41.fxe4 Rd3 42.Bc7 Kf7 43.Rxa6 Ke6
44.Ra2 Rb3 45.b5 g5 46.Rd2 Rf7 47.c5 g4 48.c6  1-0

[Event "2nd Halkidiki Open"]
[Site "Kalithea GRE"]
[Date "2006.04.30"]
[Round "8"]
[White "Dorfanis,I"]
[Black "Iatros,A"]
[Result "1-0"]
[WhiteElo "2199"]
[BlackElo "2010"]

1.d4 Nf6 2.Bg5 Ne4 3.Bf4 c5 4.f3 Qa5+ 5.c3 Nf6 6.Nd2 cxd4 7.Nb3 Qb6 8.Qxd4 e6
9.Qxb6 axb6 10.Be3 d5 11.Bxb6 Nbd7 12.Bf2 b6 13.a3 Ba6 14.e3 Bxf1 15.Kxf1 Nc5
16.Nd4 Na4 17.Rb1 Bd6 18.Nge2 O-O 19.g4 Rfc8 20.Kg2 Bf8 21.Bg3 Nd7 22.Rhd1 Ra5
23.Nc2 Rb5 24.Nb4 Rbc5 25.e4 Re8 26.Nf4 g5 27.Nh5 Bg7 28.Nxg7 Kxg7 29.Bf2 Rb5
30.c4 Ra5 31.Nc6 Raa8 32.cxd5 exd5 33.Rxd5 Nf8 34.Rxg5+ Ng6 35.Kg3 Rac8 36.Nd4 f6
37.Rd5 Ne7 38.Rd7 Kf8 39.Nb5 Rc2 40.Bd4 Nc5 41.Rd6  1-0

[Event "Open B"]
[Site "Djakovo CRO"]
[Date "2006.05.01"]
[Round "3"]
[White "Draganic,S"]
[Black "Matijasevic,I"]
[Result "1/2-1/2"]
[WhiteElo "2244"]
[BlackElo "2092"]

1.d4 Nf6 2.Bg5 Ne4 3.h4 g6 4.Nd2 Nxg5 5.hxg5 Bg7 6.e3 c5 7.c3 cxd4 8.exd4 e5
9.Qe2 O-O 10.dxe5 Bxe5 11.O-O-O Bf4 12.g3 Re8 13.Qg4 Bxg5 14.f4 Bf6 15.Qh3 h5
16.g4 d5 17.f5 d4 18.Nb3 Re4 19.Nf3 Rxg4 20.Nbxd4 Bxd4 21.Rxd4 Rxd4 22.Nxd4 Nc6
23.Qg3 Nxd4 24.fxg6 Nf5 25.gxf7+ Kxf7 26.Bc4+ Kf6 27.Rf1 Bd7 28.Qd6+ Kg7
29.Rg1+ Kh8 30.Qe5+ Kh7 31.Bd3 Qf8 32.Qc7 Qh6+ 33.Kc2 Qe6 34.Re1 Qxe1 35.Qxd7+ Kg8
36.Qxf5 Qe7 37.Qxh5 Qf7 38.Qg4+ Kf8 39.Qb4+ Qe7 40.Qd4 Qg7 41.Qd6+ Qe7 42.Qh2 Qf6
43.Be4 Re8 44.Bd3 Re5 45.a4  1/2-1/2

[Event "IV Regina Helena Marques Prol"]
[Site "Santos BRA"]
[Date "2006.05.03"]
[Round "7"]
[White "Stamenkovic,Dr"]
[Black "Sega,C"]
[Result "1-0"]
[WhiteElo "2334"]
[BlackElo "2286"]

1.d4 Nf6 2.Bg5 Ne4 3.Bf4 c5 4.f3 Qa5+ 5.c3 Nf6 6.d5 Qb6 7.Bc1 e6 8.e4 exd5
9.exd5 c4 10.Bxc4 Bc5 11.Ne2 a5 12.Qb3 Qa7 13.Bg5 d6 14.Bxf6 Bf2+ 15.Kd1 gxf6
16.Nd2 f5 17.Bb5+ Kf8 18.Qa4 Qc5 19.Qc4 Na6 20.Qxc5 Bxc5 21.Nb3 Be3 22.Bxa6 Rxa6
23.f4 h5 24.Kc2 Rg8 25.g3 h4 26.Rad1 Bd7 27.Nbd4 a4 28.Rd3 Bf2 29.Rf1 hxg3
30.hxg3 Bxd4 31.Nxd4 Ra5 32.c4 Rc5 33.Kc3 b5 34.b3 Kg7 35.Nc2 Kf6 36.Rh1 Kg6
37.Kd4 bxc4 38.bxc4 Rb8 39.Kc3 Rxc4+ 40.Kxc4 Rc8+ 41.Kb4 Rxc2 42.a3 Rb2+
43.Ka5 Rb5+ 44.Ka6 Rc5 45.Kb6 Bb5 46.Rd4 Kf6 47.Re1 Bd7 48.Re3 Bb5 49.Rd1 Bd7
50.Rd2 Bb5 51.Rd4 Bd7 52.Rdd3 Bb5 53.Rc3 Bc4 54.Rc1  1-0

[Event "4th TCh-SCG"]
[Site "Vrnjacka Banja SCG"]
[Date "2006.05.04"]
[Round "4"]
[White "Kosic,D"]
[Black "Popov,Si1"]
[Result "1/2-1/2"]
[WhiteElo "2482"]
[BlackElo "2481"]

1.d4 Nf6 2.Bg5 Ne4 3.Bf4 c5 4.f3 Qa5+ 5.c3 Nf6 6.d5 d6 7.e4 g6 8.a4 Bg7 9.Na3 Nbd7
10.Nc4 Qc7 11.Nh3 O-O 12.Nf2 Ne5 13.Nxe5 dxe5 14.Be3 Ne8 15.Qd2 f5 16.exf5 Bxf5
17.Bc4 Nd6 18.Qe2 Rad8 19.O-O b6 20.Rfd1 Kh8 21.Bd3 c4 22.Bc2 Bxc2 23.Qxc2 Nf5
24.Qe4 Rf6 25.Bg5 Rfd6 26.g4 Nh6 27.Bxh6 Bxh6 28.Qxe5+ Bg7 29.Qe2 Rxd5 30.Rxd5 Rxd5
31.Rd1 Rxd1+ 32.Qxd1 Be5 33.h3 Bf6 34.Ne4 Qf4 35.Kg2 Be5 36.Qd8+ Kg7 37.Qxe7+ Kg8
38.Qd8+ Kg7 39.Qd7+ Kg8 40.Qe8+ Kg7 41.Qe7+ Kg8 42.Qd8+ Kg7  1/2-1/2

[Event "1st Open"]
[Site "Sofia BUL"]
[Date "2006.05.12"]
[Round "2"]
[White "Nikolov,M"]
[Black "Todorov,Mo"]
[Result "1-0"]
[WhiteElo "2451"]
[BlackElo "2184"]

1.d4 Nf6 2.Bg5 Ne4 3.Bf4 c5 4.f3 Qa5+ 5.c3 Nf6 6.Nd2 cxd4 7.Nb3 Qb6 8.Qxd4 Qxd4
9.cxd4 Nc6 10.e4 d6 11.d5 Nb4 12.Kd2 e6 13.a3 Na6 14.dxe6 fxe6 15.Ne2 Be7
16.Nc3 O-O 17.Be3 Nc7 18.Bd3 Bd7 19.Rhc1 Rfc8 20.Rc2 Nfe8 21.Rac1 Bf6 22.Nd4 Kf7
23.b4 g6 24.a4 a6 25.a5 Be7 26.Nb3 Rcb8 27.g3 d5 28.Nc5 Bc6 29.e5 Rd8 30.Bd4 Ng7
31.f4 Nf5 32.Ne2 h5 33.h3 Nb5 34.Bf2 Na3 35.Ra2 Nc4+ 36.Kc3 Nce3 37.Bxe3 Nxe3
38.Nd4 Bxc5 39.bxc5 Rac8 40.Kb4 Nf5 41.Ne2 d4 42.Rd2 Ne3 43.Bb1 Nd5+ 44.Kb3 Nc7
45.Rxd4 Nb5 46.Rd3 Bd5+ 47.Kb4 Ke7 48.Nc3 Nxc3 49.Rdxc3 Rg8 50.Rd1 Rc7 51.Rd4 Bg2
52.g4 h4 53.f5 gxf5 54.gxf5 exf5 55.Bxf5 Rg5 56.Rf4 Bd5 57.Re3 Rg3 58.Rd3 Be6
59.Be4 Rg1 60.Rc3 Rg3 61.Rxh4 Rxc3 62.Kxc3 Rxc5+ 63.Kd4 Rxa5 64.Rh7+ Kf8
65.Bxb7 Ra3 66.h4 a5 67.Bd5 Bxd5 68.Kxd5 Rb3 69.Ra7 Rh3 70.Rxa5 Rxh4 71.Kd6 Rd4+
72.Ke6 Re4 73.Ra8+ Kg7 74.Ra7+ Kf8 75.Rf7+ Ke8 76.Rh7 Kf8 77.Rh8+ Kg7 78.Rd8 Re1
79.Rd5 Ra1 80.Ke7 Kg6 81.e6 Rh1 82.Kd7 Ra1 83.e7 Ra7+ 84.Ke6  1-0

[Event "1st Open"]
[Site "Sofia BUL"]
[Date "2006.05.13"]
[Round "4"]
[White "Rusev,K"]
[Black "Dimitrov,Pa"]
[Result "1/2-1/2"]
[WhiteElo "2422"]
[BlackElo "2261"]

1.d4 Nf6 2.Bg5 Ne4 3.Bf4 d5 4.e3 c6 5.Bd3 Nf6 6.c4 Bg4 7.Qb3 Qb6 8.c5 Qxb3
9.axb3 Nbd7 10.b4 a6 11.h3 Bh5 12.Nd2 Bg6 13.Be2 e6 14.Nb3 Be7 15.Na5 Ra7
16.Nf3 O-O 17.O-O Rc8 18.Rfc1 Rca8 19.Ra3 Bd8 20.Nd2 Ne8 21.f3 Nc7 22.Rca1 f6
23.Bg3 e5 24.Re1 Nb5 25.Bxb5 Bxa5 26.Bxc6 bxc6 27.Rxa5 Rb7 28.Ra4 Bc2 29.b3 Bd3
30.Rc1 exd4 31.exd4 Re8 32.Rc3 Bb5 33.Ra1 Nf8 34.Nc4 Re2 35.Nd6 Rbe7 36.Rcc1 Ne6
37.Nf5 Re8 38.Re1 Nf4 39.Rxe2 Nxe2+ 40.Kf2 g6 41.Nd6 Re6 42.Nxb5 axb5 43.Be5 fxe5
44.Kxe2 exd4+ 45.Kd3 Kg7 46.Ra7+ Kf6 47.Rxh7 Re3+ 48.Kxd4 Rxb3 49.Rc7 Rxb4+
50.Kd3 Ke5 51.Rxc6 g5 52.Rg6 Rb3+ 53.Kc2 Re3 54.Rxg5+ Kd4 55.h4 b4 56.c6 b3+
57.Kb2 Kc4 58.Rg4+ d4 59.Re4 Rc3 60.Re2 Kb4 61.Rd2 d3 62.g4 Rxc6 63.Rxd3 Rc2+
64.Kb1 Rh2 65.Rd8 Rh1+ 66.Kb2 Rh2+ 67.Kc1 Rc2+ 68.Kb1 Rf2 69.h5 Rxf3 70.h6 Rf1+
71.Kb2 Rf2+ 72.Kc1 Rh2 73.g5 Rh5 74.g6 Rh1+ 75.Kd2 Rxh6 76.Rb8+ Kc4 77.g7 Rh2+
78.Ke3 Rg2 79.Rc8+ Kb4 80.g8=Q Rxg8 81.Rxg8 b2 82.Kd2 b1=N+  1/2-1/2

[Event "1st Magistral Espirito Sancto"]
[Site "Vitoria BRA"]
[Date "2006.05.17"]
[Round "3"]
[White "Stamenkovic,Dr"]
[Black "Bittencourt,J"]
[Result "1/2-1/2"]
[WhiteElo "2334"]
[BlackElo "2395"]

1.d4 Nf6 2.Bg5 Ne4 3.Bf4 d5 4.e3 Bf5 5.f3 Nf6 6.g4 Bg6 7.h4 h6 8.Bd3 Bxd3
9.Qxd3 c6 10.Nc3 e6 11.O-O-O Qa5 12.Kb1 Qa6 13.Qd2 Nbd7 14.Nge2 O-O-O 15.Ng3 Nb6
16.g5 Nfd7 17.e4 hxg5 18.hxg5 Bb4 19.Qd3 Qxd3 20.cxd3  1/2-1/2

[Event "1st Magistral Espirito Sancto"]
[Site "Vitoria BRA"]
[Date "2006.05.19"]
[Round "7"]
[White "Souza Neves,A"]
[Black "Bittencourt,J"]
[Result "0-1"]
[WhiteElo "2207"]
[BlackElo "2395"]

1.d4 Nf6 2.Bg5 Ne4 3.Bf4 c5 4.d5 Qb6 5.Qc1 e6 6.f3 Nf6 7.dxe6 dxe6 8.e4 Be7
9.Na3 O-O 10.Nc4 Qc6 11.a4 b6 12.Ne2 Nbd7 13.Ng3 Bb7 14.Bd3 Ba6 15.O-O Bxc4
16.Bxc4 Bd6 17.Bb5 Qc7 18.Bxd6 Qxd6 19.Rd1 Qc7 20.Qd2 Rfd8 21.Qd6 Qxd6 22.Rxd6 Kf8
23.Rad1 Ke7 24.f4 Nf8 25.e5 Rxd6 26.Rxd6 N6d7 27.Rc6 a6 28.Bc4 g5 29.Ne4 gxf4
30.Rc7 Ng6 31.Be2 Nxe5 32.a5 bxa5 33.Rb7 c4 34.Bf3 Rb8 35.Ra7 Rxb2  0-1

[Event "1st Magistral Espirito Sancto"]
[Site "Vitoria BRA"]
[Date "2006.05.20"]
[Round "8"]
[White "Stamenkovic,Dr"]
[Black "Hungaski,R"]
[Result "1-0"]
[WhiteElo "2334"]
[BlackElo "2400"]

1.d4 Nf6 2.Bg5 Ne4 3.Bf4 c5 4.f3 Qa5+ 5.c3 Nf6 6.d5 e6 7.e4 d6 8.Na3 exd5
9.exd5 Be7 10.Nc4 Qd8 11.a4 O-O 12.Bd3 Nh5 13.Bd2 Bg5 14.Ne2 Bxd2+ 15.Qxd2 f5
16.O-O-O Bd7 17.Bc2 b5 18.Nxd6 bxa4 19.Nc4 Na6 20.Nf4 Nxf4 21.Qxf4 Rb8 22.Rhe1 Nc7
23.Qd6 Nb5 24.Qe7 Qc8 25.Ne5 Rd8 26.Qf7+ Kh8 27.Nxd7 Nd6 28.Qe6 Rxd7 29.Bxa4 Qb7
30.Re2 Rdd8 31.Rde1 h6 32.Qg6 Qa6 33.Re7 Rg8 34.R1e6 Qf1+ 35.Bd1  1-0